| 000 | 02069cam a2200313 i 4500 | ||
|---|---|---|---|
| 003 | SA-RiAUC | ||
| 005 | 20260204144018.0 | ||
| 008 | 260203s2004 su g 001 0 ara c | ||
| 024 | 0 | _a00000000278443 | |
| 040 |
_aSA-JeALM _bara _cSA-RiAUC _dSA-MaUQU _erda |
||
| 082 | 0 | 4 |
_a235.1016 _qSA-RiAUC |
| 090 |
_a235.1016 _bص ب ي |
||
| 100 | 1 |
_aالصبيحي، إبراهيم بن سعيد _eمؤلف. |
|
| 245 | 1 | 2 |
_aالفهارس العلمية لشرح صحيح البخاري لابن البطال / _cأعدها أبي أنس إبراهيم بن سعيد الصبيحي. |
| 250 | _aالطبعة الثالثة. | ||
| 264 | 1 |
_aالرياض : _bمكتبة الرشد، _c2004 |
|
| 300 |
_a595 صفحة ؛ _c24 سم. |
||
| 336 |
_aنص _btxt _2rdacontent _3كتاب |
||
| 337 |
_aبدون وسيط _bn _2rdamedia |
||
| 338 |
_aمجلد _bnc _2rdacarrier |
||
| 505 | 0 | _aالمحتويات : 1 – مقدمة الفهارس-2 – فهرس الآيات القرآنية-3 – فهرس الأحاديث-4 – فهرس الآثار-5 – فهرس لمواضع الإجماع-6 – فهرس للمسائل والأحكام التي تتعلق بالأمير-8 – فهرس للأحكام التي انفرد بها أو شذ بها بعض أهل العلم-9 – فهرس مواضع القياس-10 – فهرس مواضع ذكر فيها أهل الرأي-11 – فهرس مواضع ذكر فيها أهل الظاهر ... وموضوعات أخرى. | |
| 650 | 7 |
_aالحديث _vفهارس _2aucsh |
|
| 650 | 7 |
_aالحديث _xشرح _2aucsh |
|
| 650 | 7 |
_aصحيح البخاري _2aucsh |
|
| 700 | 1 | 2 |
_aابن بطال، علي بن خلف بن عبد الملك، _dتوفي 449 هجري _iشرح لـ : _tشرح صحيح البخاري. |
| 700 | 1 | 2 |
_aالبخاري، محمد بن إسماعيل بن إبراهيم، _d194-256 هجري. _iشرح لـ : _tالجامع الصحيح المسند المختصر من حديث رسول الله صلى الله عليه وسلم وسننه وأيامه |
| 942 |
_2ddc _cBOOK _n0 |
||
| 949 |
_aSA-JeALM _d260203 _uosman123 _n1 |
||
| 999 |
_c14252 _d14252 |
||